Lugares no recomendables

Colección de informes estilo periodístico que va relatando distintos sitios de Asia durante los últimos años de la guerra de Vietnam, que van mostrando momentos cruciales o explosivos de esta, acompañada de imágenes.

保存先:
書誌詳細
第一著者: Fenton, James
フォーマット: 図書
言語:Undetermined
出版事項: Barcelona, España Anagrama 1991
主題:
タグ: タグ追加
タグなし, このレコードへの初めてのタグを付けませんか!

MARC

LEADER 00000nam a2200000Ia 4500
008 170316s9999 xx 000 0 und d
040 |a cru BVZT 
090 |a 820 F-1L 
100 |a Fenton, James 
245 |a Lugares no recomendables 
260 |a Barcelona, España 
260 |b Anagrama 
260 |c 1991 
300 |a 305 páginas 
520 |a Colección de informes estilo periodístico que va relatando distintos sitios de Asia durante los últimos años de la guerra de Vietnam, que van mostrando momentos cruciales o explosivos de esta, acompañada de imágenes. 
650 |a LITERATURA INGLESA  |9 12 
999 |c 6879  |d 6879 
942 |c 15 D  |h 820 F-1L  |2 z